000 00654nam a2200241Ia 4500
003 OSt
005 20221005070101.0
006 a|||||r|||| 00| 0
007 ta
008 221004b |||||||| |||| 00| 0 mar d
024 _a40247
037 _cTextual
040 _aCRL
_cCRL
_bmar
041 _2mar
_amar
082 _aO155,2N121,1, K1
100 _aSathey Sankar govind
_9605271
245 0 _aSasa aani kasvav
260 _aMumbai
_bPopular book depo India
300 _a107p.
_ccm.
650 _aMARATHI LITERATURE
_938000
942 _hO155,2N121,1, K1
_cTEXL
_2cc
999 _c975623
_d975623